Statistics for Lebron vs Jordan

Click here to take the quiz!

General Stats

  • This quiz has been taken 171 times
    (141 since last reset)
  • The average score is 12 of 16

Answer Stats

QuestionAnswer% Correct
Has the most career points of all timeLebron
96%
Won the most championshipsJordan
95%
Won the In-Season TournamentLebron
92%
Wore the number 23Both
91%
Has the most all-star apperancesLebron
91%
Lost to the pistons three straight yearsJordan
87%
Won more Finals MvpJordan
87%
Score the more points in a gameJordan
84%
Better 3 point shooterLebron
84%
Won more scoring titlesJordan
78%
Had more game 7 winLebron
72%
More All-NBA First TeamLebron
72%
Better FT shooterJordan
71%
Won more regular season MVPJordan
70%
Won 2 gold metalsBoth
41%
More All-star game mvpBoth
8%

Score Distribution

Percentile by Number Answered

Percent of People with Each Score

Your Score History

You have not taken this quiz since the last reset